First essay on population, 1798 /

Bibliographic Details
Main Author: Malthus, T. R. (Thomas Robert), 1766-1834
Corporate Author: Royal Economic Society (Great Britain)
Other Authors: Bonar, James, 1852-1941
Format: Book
Language:English
Published: London : Macmillan & co. ltd., 1926.
Subjects:

MARC

Tag First Indicator Second Indicator Subfields
LEADER 00000cam a2200000 4500
001 in00000058503
005 20151007082324.0
008 770131r19261798enk 00010 engm
010 |a  27014870  
035 |a (OCoLC)02710982 
035 |9 AAF7702AM 
040 |a DLC  |c ABC  |d ABC  |d TXA  |d UtOrBLW 
049 |a TXAM  |c 1 [187728] 
050 0 0 |a HB861  |b .E7 1926 
092 |a 312.1  |b M261f 
100 1 |a Malthus, T. R.  |q (Thomas Robert),  |d 1766-1834. 
245 1 0 |a First essay on population, 1798 /  |c [by] Thomas Robert Malthus, with notes by James Bonar; reprinted for the Royal Economic Society. 
264 1 |a London :  |b Macmillan & co. ltd.,  |c 1926. 
300 |a ix, 396 pages ;  |c 22 cm. 
336 |a text  |b txt  |2 rdacontent 
337 |a unmediated  |b n  |2 rdamedia 
338 |a volume  |b nc  |2 rdacarrier 
500 |a With reproduction of original t.-p.: An essay on the principle of population, as it affects the future improvement of society, with remarks on the speculations of Mr. Godwin, M. Condorcet, and other writers. London, Printed for J. Johnson, l798. 
500 |a "In this reprint the Royal Economic Society had endeavoured to reproduce the essay of 1798 with the least possible change, preservng its features not only in the lines, pages, and spelling, but, it is hoped with fair success, in colour of paper and style of binding."--Notes, p. [i] 
650 0 |a Population. 
700 1 |a Bonar, James,  |d 1852-1941. 
710 2 |a Royal Economic Society (Great Britain) 
999 |a MARS 
999 f f |s 5960d337-0396-332f-b26d-fcf961edd938  |i 5d476333-6697-3282-ab35-a9e4a49aa58e  |t 0 
952 f f |p ric  |a Texas A&M University  |b Rellis Campus  |c Joint Library Facility  |d Remote Storage  |t 0  |e HB861 .E7 1926  |h Library of Congress classification  |i unmediated -- volume  |m A14800655420 
998 f f |a HB861 .E7 1926  |t 0  |l Remote Storage